Statistiken für Hauptstädte der Länder, die mit I beginnen

Klicken Sie hier um das Quiz zu spielen!

Allgemein

  • Dieses Quiz wurde 367 mal gespielt
  • Das Durchschnittsergebnis liegt bei 8 aus 8

Antwortstatistiken

I LandHauptstadt% Korrekt
ItalienRom
100%
IrlandDublin
99%
IndienNeu-Delhi
98%
IslandReykjavik
98%
IsraelJerusalem
97%
IrakBagdad
95%
IranTéhéran
95%
IndonesienJakarta
94%

Verteilung der Resultate

Perzentil nach korrekt beantworteten Fragen

Anzahl Personen mit jedem Resultat

Ihre Resultats-Entwicklung

Sie haben dieses Quiz noch nicht gespielt